<?xml version="1.0" encoding="UTF-8"?>
<record
    xmlns:xsi="http://www.w3.org/2001/XMLSchema-instance"
    xsi:schemaLocation="http://www.loc.gov/MARC21/slim http://www.loc.gov/standards/marcxml/schema/MARC21slim.xsd"
    xmlns="http://www.loc.gov/MARC21/slim">

  <leader>00604nam a22001817a 4500</leader>
  <controlfield tag="003">OSt</controlfield>
  <controlfield tag="005">20151031020003.0</controlfield>
  <controlfield tag="008">150519b        xxu||||| |||| 00| 0 eng d</controlfield>
  <datafield tag="040" ind1=" " ind2=" ">
    <subfield code="a">DLC</subfield>
    <subfield code="b">DLC</subfield>
    <subfield code="c">DLC</subfield>
  </datafield>
  <datafield tag="050" ind1=" " ind2=" ">
    <subfield code="a">TK 7887</subfield>
    <subfield code="b">.R67 2008</subfield>
  </datafield>
  <datafield tag="100" ind1=" " ind2=" ">
    <subfield code="9">32107</subfield>
    <subfield code="a">Rosenthal, Morris.</subfield>
  </datafield>
  <datafield tag="245" ind1=" " ind2=" ">
    <subfield code="a">The Laptop repair workbook:</subfield>
    <subfield code="b">an introduction to troubleshooting and repairing laptop computers</subfield>
    <subfield code="c">Morris Rosenthal</subfield>
  </datafield>
  <datafield tag="260" ind1=" " ind2=" ">
    <subfield code="a">United States</subfield>
    <subfield code="b">Foner Books</subfield>
    <subfield code="c">2008</subfield>
  </datafield>
  <datafield tag="300" ind1=" " ind2=" ">
    <subfield code="a">iv, 191p.</subfield>
    <subfield code="c">28 cm.</subfield>
  </datafield>
  <datafield tag="650" ind1=" " ind2=" ">
    <subfield code="a">Laptop computer</subfield>
    <subfield code="v">Maintenance and repair</subfield>
    <subfield code="x">Amateurs</subfield>
    <subfield code="9">37222</subfield>
  </datafield>
  <datafield tag="650" ind1=" " ind2=" ">
    <subfield code="a">Mannuals</subfield>
    <subfield code="9">37223</subfield>
  </datafield>
  <datafield tag="942" ind1=" " ind2=" ">
    <subfield code="2">lcc</subfield>
    <subfield code="c">BK</subfield>
    <subfield code="0">1</subfield>
  </datafield>
  <datafield tag="999" ind1=" " ind2=" ">
    <subfield code="c">61698</subfield>
    <subfield code="d">61672</subfield>
  </datafield>
  <datafield tag="952" ind1=" " ind2=" ">
    <subfield code="0">0</subfield>
    <subfield code="1">0</subfield>
    <subfield code="2">lcc</subfield>
    <subfield code="4">0</subfield>
    <subfield code="7">0</subfield>
    <subfield code="8">GEN</subfield>
    <subfield code="a">CPL</subfield>
    <subfield code="b">CPL</subfield>
    <subfield code="c">GEN</subfield>
    <subfield code="d">2015-05-19</subfield>
    <subfield code="e">Donation</subfield>
    <subfield code="g">31.00</subfield>
    <subfield code="l">2</subfield>
    <subfield code="o">TK 7887.R67 2008</subfield>
    <subfield code="p">R33010W3232</subfield>
    <subfield code="r">2019-09-30 00:00:00</subfield>
    <subfield code="s">2018-05-18</subfield>
    <subfield code="t">1</subfield>
    <subfield code="w">2015-05-19</subfield>
    <subfield code="y">BK</subfield>
  </datafield>
</record>
